Hình tượng cái tôi trữ tình trong thơ Lưu Quang Vũ

Nhìn lại hình tượng cái tôi trữ tình trong thơ Việt Nam từ sau 1945; Nhận diện bản sắc cái tôi trữ tình trong thơ Lưu Quang Vũ; Nghệ thuật biểu hiện cái tôi trữ tình trong thơ Lưu Quang Vũ...

Spremljeno u:
Bibliografski detalji
Glavni autor: Phạm Thị Thanh Tâm
Daljnji autori: Phan Ngọc Thu TS (Hướng dân)
Format: Knjiga
Jezik:Vietnamese
Izdano: Đà Nẵng Đại học Đà Nẵng 2010
Teme:
Oznake: Dodaj oznaku
Bez oznaka, Budi prvi tko označuje ovaj zapis!
Thư viện lưu trữ: Mạng thư viện Đại học Đà Nẵng
LEADER 01584nam a2200361 4500
001 000010630
003 6837
005 20111216081212.0
008 111216s2010 viesd
041 |a vie 
072 |a Luận văn Thạc sĩ Khoa học 
082 |a 895.9221  |b PH-T 
100 |a Phạm Thị Thanh Tâm 
245 |a Hình tượng cái tôi trữ tình trong thơ Lưu Quang Vũ  |c Phạm Thị Thanh Tâm 
260 |a Đà Nẵng  |b Đại học Đà Nẵng  |c 2010 
300 |a 106 tr  |c 29 cm  |e CD. Tóm tắt 
500 |a Luận văn thạc sĩ Khoa học xã hội và nhân văn. Văn học Việt Nam. Mã số: 60.22.34. 
520 |a Nhìn lại hình tượng cái tôi trữ tình trong thơ Việt Nam từ sau 1945; Nhận diện bản sắc cái tôi trữ tình trong thơ Lưu Quang Vũ; Nghệ thuật biểu hiện cái tôi trữ tình trong thơ Lưu Quang Vũ... 
653 |a Văn học Việt 
653 |a Thơ Việt Nam 
653 |a Luận văn Thạc sĩ Xã hội và nhân văn 
653 |a Văn học 
700 |a Phan Ngọc Thu  |c TS  |e Hướng dân 
OWN |a LSP 
AVA |a UDN50  |b LSP  |d 895.9221 PH-T  |e available  |t Error 5001 Not defined in file expand_doc_bib_avail.  |f 1  |g 0  |h N  |i 0  |k 1 
999 |a From the UDN01 
AVA |a UDN50  |b LSP  |d 895.9221 PH-T  |e available  |t Error 5001 Not defined in file expand_doc_bib_avail.  |f 1  |g 0  |h N  |i 0  |k 1 
TYP |a Monograph 
TYP |a Printed language 
980 |a Mạng thư viện Đại học Đà Nẵng